[Event "Mare di Fano op 6th"]
[Site "Fano"]
[Date "2017.07.31"]
[Round "4"]
[White "Dijkhuis, Tycho"]
[Black "Squadrani, Giovanni"]
[Result "1/2-1/2"]
[WhiteElo "2417"]
[BlackElo "1880"]
[PlyCount "81"]
[EventDate "2017.07.29"]
[EventType "swiss"]
[EventRounds "9"]
[EventCountry "ITA"]
[SourceTitle "EXT 2018"]
[Source "ChessBase"]
[SourceDate "2017.10.13"]
[SourceVersion "1"]
[SourceVersionDate "2017.10.13"]
[SourceQuality "1"]

1. e4 c5 2. Nf3 d6 3. Bb5+ Bd7 4. Bxd7+ Qxd7 5. 0-0 Nc6 6. c3 Nf6 7. d4 cxd4 8. cxd4 g6 9. Nc3 Bg7 10. d5 Na5 11. e5 Ng4 12. exd6 exd6 13. Re1+ Ne5 14. Nxe5 dxe5 15. Ne4 0-0 16. Bh6 Rac8 17. b4 Nc4 18. Bxg7 Kxg7 19. Nc5 Qe7 20. Rc1 Nd6 21. f4 e4 22. Qd4+ Kg8 23. Nb3 Rxc1 24. Nxc1 b6 25. Nb3 Re8 26. Nd2 e3 27. Nf3 Qe4 28. a3 Qxd4 29. Nxd4 Nc4 30. Nc2 Kg7 31. Kf1 Rd8 32. Rd1 Kf6 33. Ke2 Ke7 34. Rd4 b5 35. a4 a6 36. axb5 axb5 37. Nxe3 Nxe3 38. Kxe3 Kd6 39. Kd3 f5 40. Ke2 Ra8 41. h3 1/2-1/2

[Event "Mare di Fano op 6th"]
[Site "Fano"]
[Date "2017.07.30"]
[Round "2"]
[White "Meessen, Rudolf"]
[Black "Squadrani, Giovanni"]
[Result "1/2-1/2"]
[WhiteElo "2283"]
[BlackElo "1880"]
[PlyCount "98"]
[EventDate "2017.07.29"]
[EventType "swiss"]
[EventRounds "9"]
[EventCountry "ITA"]
[SourceTitle "EXT 2018"]
[Source "ChessBase"]
[SourceDate "2017.10.13"]
[SourceVersion "1"]
[SourceVersionDate "2017.10.13"]
[SourceQuality "1"]

1. d4 d5 2. Nc3 Nf6 3. Bf4 e6 4. Nb5 Bd6 5. Nxd6+ cxd6 6. e3 0-0 7. Nf3 Nc6 8. Be2 h6 9. h3 Qc7 10. 0-0 e5 11. Bh2 Re8 12. Rc1 Qb6 13. b3 Bf5 14. c4 dxc4 15. Bxc4 Rad8 16. Qd2 Ne4 17. Qb2 exd4 18. Nxd4 Nxd4 19. exd4 d5 20. Bd3 Rc8 21. g4 Bd7 22. Rfe1 Ng5 23. Kg2 Rxe1 24. Rxe1 Qb4 25. Re3 Ne6 26. Bf5 Rd8 27. Bxe6 Bxe6 28. Be5 Qe7 29. Qe2 Re8 30. f4 f6 31. f5 Bd7 32. Bf4 Qf7 33. Kf3 Rxe3+ 34. Qxe3 Qe8 35. Bd6 Qxe3+ 36. Kxe3 Kf7 37. Kf4 g6 38. fxg6+ Kxg6 39. Be7 Bb5 40. h4 Bd3 41. h5+ Kf7 42. Bc5 a6 43. Bd6 Bc2 44. Bc7 Bd3 45. Ke3 Be4 46. Bf4 Kg7 47. Bc7 Kf7 48. Bb6 Bc2 49. Bc7 Bd1 1/2-1/2